000 00708nam a22002177a 4500
010 _aA-351851
020 _a8121202396
035 _aA-351851
037 _aCen Lib/Ret
040 _aDPL
_bEN
082 _a374
_bRAM
100 _aRamabrahman, I.
_9113076
245 _aAdult education, policy and performance /
_bby I. Ramabrahmam
260 _aNew Delhi ;
_bGian Publishing House
_c1988
270 _a29/6 Shakti Nagar
_bNew Delhi
_e110007
300 _ax, 230p ;
_b24cm(Hb)
650 _aAdult education and state -- India -- Andhra Pradesh.
_9101582
650 _aAdult education and state.
_9101581
650 _aIndia -- Andhra Pradesh.
_9113077
942 _2ddc
_cEN
_h374
_mRAM
999 _c136178
_d136178